000 00646nam a2200253Ia 4500
003 OSt
005 20220924115056.0
006 a|||||r|||| 00| 0
007 ta
008 220923b |||||||| |||| 00| 0 tam d
020 _c06
024 _a351765
037 _cTextual
040 _aARTS
_cARTS
_btam
041 _2tam
_atam
082 _aO31,3NLA,4, K3
100 _aLaxmi Au.
_9176643
245 0 _aSooriya Kantham
260 _aChennai
_bInba Nillaiyam India
_c1963
300 _a382p.
_ccm.
650 _aTAMIL LITERATURE
942 _hO31,3NLA,4, K3
_cTEXL
_2CC
999 _c396627
_d396627